Principles Of Anatomy And Physiology (Record no. 138288)

MARC details
000 -LEADER
fixed length control field 00543nam a22002177a 4500
003 - CONTROL NUMBER IDENTIFIER
control field OSt
005 - DATE AND TIME OF LATEST TRANSACTION
control field 20260529145302.0
008 - FIXED-LENGTH DATA ELEMENTS--GENERAL INFORMATION
fixed length control field 260529b |||||||| |||| 00| 0 eng d
020 ## - INTERNATIONAL STANDARD BOOK NUMBER
International Standard Book Number 978-93-5746-164-1
040 ## - CATALOGING SOURCE
Transcribing agency SBCL
082 ## - DEWEY DECIMAL CLASSIFICATION NUMBER
Classification number 612
Item number TOR-P
100 ## - MAIN ENTRY--PERSONAL NAME
Personal name Tortora,Gerard j
245 ## - TITLE STATEMENT
Title Principles Of Anatomy And Physiology
250 ## - EDITION STATEMENT
Edition statement 6th ed.
260 ## - PUBLICATION, DISTRIBUTION, ETC.
Place of publication, distribution, etc. New Delhi
Name of publisher, distributor, etc. Wiley India Pvt Ltd
Date of publication, distribution, etc. 2024
300 ## - PHYSICAL DESCRIPTION
Extent 1023p.
630 ## - SUBJECT ADDED ENTRY--UNIFORM TITLE
General subdivision Technology
650 ## - SUBJECT ADDED ENTRY--TOPICAL TERM
Topical term or geographic name entry element Medicine & health
650 ## - SUBJECT ADDED ENTRY--TOPICAL TERM
Topical term or geographic name entry element Human physiology
942 ## - ADDED ENTRY ELEMENTS (KOHA)
Koha item type BOOK
Holdings
Withdrawn status Lost status Source of classification or shelving scheme Damaged status Not for loan Collection code Home library Current library Date acquired Total Checkouts Full call number Barcode Shelving location Date last seen Cost, replacement price Price effective from Koha item type
    Dewey Decimal Classification     Microbiology SB LIBRARY SB LIBRARY 29/05/2026   612 TOR-P 143783 GENERAL STACK 29/05/2026 3795.00 29/05/2026 BOOK

Powered by Koha